Tour de France Femmes 2023 : Classement général - Statistiques

Statistiques générales
  • Ce quiz a été pris 35 fois
  • Le résultat moyen est 6 sur 10
Statistiques - réponses
Place Coureuse % Correct
1ere Demi Vollering
100%
5e Juliette Labous
97%
4e Annemiek Van Vleuten
90%
2e Lotte Kopecky
90%
7e Cecilie Uttrup Ludwig
83%
3e Katarzyna Niewiadoma
69%
6e Ashleigh Moolman Pasio
62%
10e Amanda Spratt
31%
8e Ane Santesteban Gonzales
14%
9e Ricarda Bauernfeind
14%
Aucun quiz correspondant
Distribution des résultats
% des personnes avec chaque résultat
Percentile par nombre de réponses
Votre historique - résultats
Vous n’avez pas pris ce quiz